00407nam a22001457a 450000500170000000800410001702200140005804100120007208200130008410000130009724500520011026000470016230000260020965000260023520240320083026.0240320b |||||||| |||| 00| 0 eng d a0258249X  aEnglish a349 IND  lEnglish  aIndustrial Law Journal : cedited by M Brassey  aCape Town : bJuta and Company Ltd, c1989 b203 pages ; c25 cm.  aLegal practice bLaw